000
00311nam a22001457a 4500
003
SGT
020
_a
9781584350286
082
_a
306.47,BAU
100
_a
BAUDRILLARD, JEAN
245
_a
THE CONSPIRACY OF ART
260
_a
USA
_b
SEMIOTEXT
300
_a
247
650
_a
Social sciences
942
_2
ddc
_c
BK
_0
1
999
_c
22044
_d
22044